Statistics for NEW MAGIC WAND lyrics

Click here to take the quiz!

General Stats

  • This quiz has been taken 185 times
  • The average score is 268 of 399

Answer Stats

Answer% Correct
i
100%
I
100%
(i)
100%
a
99%
you
96%
do
94%
me
93%
my
93%
magic
92%
to
92%
eyes
91%
new
91%
she
91%
wand
91%
are
89%
got
89%
in
89%
like
89%
the
89%
your
89%
(dont)
88%
dont
88%
no
88%
her
87%
(her)
87%
look
87%
so
87%
eat
85%
get
85%
photo
85%
picture
85%
green
84%
need
84%
saw
84%
shes
83%
up
83%
fuck
82%
not
82%
on
82%
veggies
82%
we
82%
who
82%
leave
81%
(leave)
81%
out
81%
please
81%
really
81%
frame
80%
looked
80%
open
80%
be
79%
gotta
79%
door
78%
fuckin
78%
im
78%
want
78%
window
78%
joyous
76%
sometimes
76%
close
75%
gon
75%
of
75%
call
74%
time
74%
workin
74%
60
73%
mine
73%
said
73%
wanna
73%
car
72%
youre
72%
now
71%
40
70%
gone
70%
selfish
70%
brother
69%
isnt
69%
sharin
69%
spectrum
69%
developed
67%
found
67%
hundred
67%
passenger
67%
this
67%
it
62%
aint
60%
can
60%
(can)
60%
dice
60%
one
60%
roll
58%
just
56%
or
56%
together
54%
if
53%
finally
52%
take
52%
hit
51%
other
51%
right
51%
with
51%
clear
49%
dead
49%
pick
49%
that
48%
life
47%
mirror
47%
both
46%
fear
46%
gonna
46%
live
46%
(make)
46%
for
45%
side
45%
wrote
44%
and
43%
gives
43%
murder
43%
celebrate
42%
first
42%
here
42%
ill
42%
implication
42%
mean
42%
wont
42%
beginners
40%
day
39%
its
39%
joke
39%
under
39%
will
39%
hate
38%
idea
38%
luck
38%
mixed
38%
seven
38%
except
37%
nothing
37%
signals
37%
vegetables
37%
has
36%
oath
36%
sure
36%
but
35%
ayo
31%
ball
31%
fetch
31%
park
30%
did
27%
number
26%
cant
25%
prize
25%
mind
24%
plan
24%
well
24%
hawk
22%
broad
21%
keep
21%
low
21%
shed
21%
chest
20%
gym
20%
high
19%
shame
19%
guaranteed
18%
pack
18%
walk
18%
off
17%
weight
17%
bags
16%
cause
16%
last
16%
names
16%
share
16%
understand
16%
world
16%
done
15%
store
15%
talkin
15%
bust
13%
concerned
13%
floor
13%
job
13%
supplies
13%
them
13%
masks
12%
pen
12%
blow
11%
grab
11%
let
11%
moppin
11%
our
11%
through
11%
feelings
10%
four
10%
know
10%
retirement
10%
whole
10%
bout
9%
em
9%
janis
9%
spot
9%
admit
8%
joplin
8%
spillin
8%
evaporates
7%

Score Distribution

Percentile by Number Answered

Percent of People with Each Score

Your Score History

You have not taken this quiz